00881nab a2200217uuc4500001000800000005001700008008004100025035001200066040001300078041000800091100004800099245018800147650002600335650002800361650003600389650002900425650003600454700003800490700003600528773009900564137729620240202115315.0140710e20130705 spa  a1377296 ccomduadb aspa10aLópez Sarmiento, Danilo Alfonso4auteaut10aClasificador basado en una Máquina de Vectores de Soporte de mínimos cuadrados frente a un Clasificador por Regresión Logística ante el reconocimiento de dígitos numéricos aDígitos numéricos aRegresión logística aMétodo de mínimos cuadrados aVectores (Matemáticas) aMáquinas de soporte vectorial10aManta Caro, Héctor C.4auteaut10aVera Parra, Nelson E.4auteaut0 tTecnoLógicas (Medellin)gNúmero 31, Julio-Diciembre 2013, 37-51w586774x0123-77990147622